Central Library OPAC University of Rajshahi

Life and writings of Charlotte Brontë / (Record no. 55759)

MARC details
000 -LEADER
fixed length control field 00791nam a2200241 a 4500
001 - CONTROL NUMBER
control field 55759
003 - CONTROL NUMBER IDENTIFIER
rucl marc code BD-RjUL
005 - DATE AND TIME OF LATEST TRANSACTION
control field 20211209080317.0
008 - FIXED-LENGTH DATA ELEMENTS--GENERAL INFORMATION
fixed length control field 161121b1922 enk||||| |||| 001 0aeng d
035 ## - SYSTEM CONTROL NUMBER
System control number (BD-RjUL)55883
040 ## - CATALOGING SOURCE
Original cataloging agency BD-RjUL
Language of cataloging eng
Modifying agency BD-RjUL
Transcribing agency BD-RjUL
041 ## - LANGUAGE CODE
Language code of text/sound track or separate title eng
082 ## - DEWEY DECIMAL CLASSIFICATION NUMBER
Edition number 23
Classification number 823.092
Author mark and year BIL 1922
100 1# - MAIN ENTRY--PERSONAL NAME
Personal name Birrell, Augustine,
Dates associated with a name 1850-1933.
9 (RLIN) 166057
245 10 - TITLE STATEMENT
Title Life and writings of Charlotte Brontë /
Statement of responsibility, etc. Augustine Birrell.
260 ## - PUBLICATION, DISTRIBUTION, ETC. (IMPRINT)
Place of publication, distribution, etc. London :
Name of publisher, distributor, etc. Walter Scott Publishing Co.,
Date of publication, distribution, etc. [1922?].
300 ## - PHYSICAL DESCRIPTION
Pagination 186, vii p. ;
Size 18 cm.
490 ## - SERIES STATEMENT
Series statement Great writers
504 ## - BIBLIOGRAPHY, ETC. NOTE
Bibliography, etc Bibliography (p. i-vii) by John P. Anderson, and index p. [183]-186.
600 10 - SUBJECT ADDED ENTRY--PERSONAL NAME
Personal name Brontë, Charlotte,
Dates associated with a name 1816-1855
General subdivision Biography
830 #0 - SERIES ADDED ENTRY--UNIFORM TITLE
Uniform title Great writers
942 ## - ADDED ENTRY ELEMENTS (KOHA)
Source of classification or shelving scheme Dewey Decimal Classification
Koha item type Books
Holdings
Lost status Source of classification or shelving scheme Damaged status Not for loan Collection code Permanent Location Current Location Shelving location Date acquired Source of acquisition Total Checkouts Full call number Date last seen Copy number Koha item type
  Dewey Decimal Classification     Non-fiction Central Library, University of Rajshahi Central Library, University of Rajshahi   13/02/1957 Puthia Raj. Estafe   823.092 BIL 1922 21/11/2016 C-2 Books